000 00543nam a2200181Ia 4500
005 20250326125441.0
008 250326s9999 xx 000 0 und d
037 _aTextbook
040 _aFMSL
_beng
_cFMSL
041 _aeng
_2eng
084 _aY31:7.44 M4
_qFMSL
100 _aHale S M
_9739103
245 0 _aDecision processes in rural development in India
_cHale S M
260 _aLucknow
_bLucknow, Ethnographic and Folk Culture Society
_c1984
300 _a246p
942 _cTB
_hY31:7.44 M4
999 _c1278114
_d1278114